Petróleo y economía costarricense /

Đã lưu trong:
Chi tiết về thư mục
Tác giả chính: Muñoz, Erlend
Tác giả khác: Palma, Carlos Ulate, Fernán
Định dạng: Texto
Các nhãn: Thêm thẻ
Không có thẻ, Là người đầu tiên thẻ bản ghi này!

MARC

LEADER 00000 a a2200000 04500
001 3034
003
040
100 |a Muñoz, Erlend  
245 |a Petróleo y economía costarricense /  |c Erlend Muñoz 
700 |a Palma, Carlos   |a Ulate, Fernán  
773 |g volumen 25, número 1; páginas 167-196  
999 |c 26398  |d 26398